000 00270nam a2200097Ia 4500
001 679675
005 20250826161100.0
008 250824s9999 xx 000 0 und d
245 0 _aHÖDÜK GÜDÜK BİR DE BIDIK RAP RAP RAP
_cİSMET BERTAN
260 _bGÜNIŞIĞI YAYINLARI
999 _c679675
_d679675